Communes de Moselle qui terminent par -ange - Statistiques

Statistiques générales
  • Ce quiz a été pris 62 fois
  • Le résultat moyen est 23 sur 76
Statistiques - réponses
Commune Population (2023) Arrondissement % Correct
Hayange 15 806 Thionville
85%
Hagondange 9 278 Metz
73%
Talange 8 120 Metz
68%
Florange 12 035 Thionville
66%
Algrange 5 802 Thionville
63%
Guénange 8 083 Thionville
61%
Hettange-Grande 7 772 Thionville
61%
Mondelange 5 699 Thionville
61%
Morhange 3 308 Forbach-Boulay-Moselle
61%
Nilvange 4 341 Thionville
61%
Uckange 7 021 Thionville
61%
Clouange 3 824 Thionville
49%
Marange-Silvange 6 539 Metz
49%
Serémange-Erzange 4 251 Thionville
49%
Bertrange 2 941 Thionville
44%
Marange-Zondrange 372 Forbach-Boulay-Moselle
44%
Boulange 2 427 Thionville
41%
Gandrange 3 031 Thionville
41%
Volmerange-lès-Boulay 548 Forbach-Boulay-Moselle
41%
Volmerange-les-Mines 2 289 Thionville
41%
Knutange 3 199 Thionville
39%
Illange 1 770 Thionville
37%
Havange 456 Thionville
34%
Puttelange-aux-Lacs 3 016 Sarreguemines
34%
Puttelange-lès-Thionville 1 029 Thionville
34%
Rémering-lès-Puttelange 1 050 Sarreguemines
34%
Stuckange 1 515 Thionville
34%
Kédange-sur-Canner 1 121 Thionville
32%
Rurange-lès-Thionville 2 327 Thionville
32%
Entrange 1 218 Thionville
29%
Fénétrange 639 Sarrebourg-Château-Salins
29%
Hellering-lès-Fénétrange 186 Sarrebourg-Château-Salins
29%
Ottange 2 960 Thionville
29%
Créhange 3 691 Forbach-Boulay-Moselle
27%
Elzange 666 Thionville
27%
Pange 869 Metz
27%
Tressange 2 470 Thionville
27%
Racrange 621 Forbach-Boulay-Moselle
24%
Rédange 1 014 Thionville
24%
Escherange 693 Thionville
22%
Guéblange-lès-Dieuze 150 Sarrebourg-Château-Salins
22%
Hombourg-Budange 562 Thionville
22%
Le Val-de-Guéblange 789 Sarreguemines
22%
Rosselange 2 384 Thionville
22%
Russange 1 263 Thionville
22%
Bettange 242 Forbach-Boulay-Moselle
20%
Gomelange 476 Forbach-Boulay-Moselle
20%
Inglange 386 Thionville
20%
Lommerange 380 Thionville
20%
Piblange 943 Forbach-Boulay-Moselle
20%
Adelange 222 Forbach-Boulay-Moselle
17%
Azoudange 89 Sarrebourg-Château-Salins
17%
Bérig-Vintrange 210 Forbach-Boulay-Moselle
17%
Xouaxange 325 Sarrebourg-Château-Salins
17%
Brulange 99 Forbach-Boulay-Moselle
15%
Éblange 360 Forbach-Boulay-Moselle
15%
Elvange 419 Forbach-Boulay-Moselle
15%
Haboudange 225 Sarrebourg-Château-Salins
15%
Luttange 983 Thionville
15%
Mégange 138 Forbach-Boulay-Moselle
15%
Neufgrange 1 364 Sarreguemines
15%
Évrange 246 Thionville
12%
Flétrange 875 Forbach-Boulay-Moselle
12%
Hinckange 321 Forbach-Boulay-Moselle
12%
Pévange 40 Sarrebourg-Château-Salins
12%
Zommange 43 Sarrebourg-Château-Salins
12%
Bezange-la-Petite 92 Sarrebourg-Château-Salins
10%
Gondrexange 503 Sarrebourg-Château-Salins
10%
Guermange 95 Sarrebourg-Château-Salins
10%
Guinglange 322 Forbach-Boulay-Moselle
10%
Hérange 104 Sarrebourg-Château-Salins
10%
Roupeldange 326 Forbach-Boulay-Moselle
10%
Vallerange 211 Forbach-Boulay-Moselle
10%
Hermelange 227 Sarrebourg-Château-Salins
7%
Landange 239 Sarrebourg-Château-Salins
7%
Bellange 58 Sarrebourg-Château-Salins
5%
Aucun quiz correspondant
Distribution des résultats
% des personnes avec chaque résultat
Percentile par nombre de réponses
Votre historique - résultats
Vous n’avez pas pris ce quiz